| 000 | 00395nam a2200157 4500 | ||
|---|---|---|---|
| 001 | 127560 | ||
| 003 | ES-MaACL | ||
| 005 | 20230906193033.0 | ||
| 007 | t| | ||
| 008 | 070214s1908 fr r ||||1| fre d | ||
| 100 | 1 |
_aRigal, Henry. _997187 |
|
| 245 | 1 | 0 |
_aMounette / _cHenry Rigal. |
| 260 |
_aParis : _bChez Bernard Grasset, _c1908. |
||
| 300 |
_a94 p. ; _c19 cm. |
||
| 852 |
_aES-MaACL _jG-8221 |
||
| 999 |
_c127560 _d127560 |
||